000
00303nam a22001337a 4500
008
171101b xxu||||| |||| 00| 0 eng d
020
_a
039395854-X
041
_a
eng
080
_a
339
100
_a
59
101
_a
TRE
245
_a
ALLOCATION, INFORMATION, AND MARKETS
_c
EATWELL,J
942
_2
udc
_c
BK
999
_c
37040
_d
37040